Cut Like Wound (Record no. 119631)

MARC details
000 -LEADER
fixed length control field 00394nam a2200133Ia 4500
008 - FIXED-LENGTH DATA ELEMENTS--GENERAL INFORMATION
fixed length control field 211119s9999||||xx |||||||||||||| ||und||
082 ## - DEWEY DECIMAL CLASSIFICATION NUMBER
Classification number 823
Item number ANI-C
100 ## - MAIN ENTRY--PERSONAL NAME
Personal name Anita Nair,
245 #0 - TITLE STATEMENT
Title Cut Like Wound
260 ## - PUBLICATION, DISTRIBUTION, ETC.
Name of publisher, distributor, etc. Harpercollins
Place of publication, distribution, etc. Noida
Date of publication, distribution, etc. 2012
300 ## - PHYSICAL DESCRIPTION
Extent 358p
650 ## - SUBJECT ADDED ENTRY--TOPICAL TERM
Topical term or geographic name entry element Literature & rhetoric
942 ## - ADDED ENTRY ELEMENTS (KOHA)
Koha item type BOOK
650 ## - SUBJECT ADDED ENTRY--TOPICAL TERM
Form subdivision English & Old English literatures English fictionEnglish
General subdivision General Stack
Holdings
Withdrawn status Lost status Damaged status Not for loan Home library Current library Date acquired Cost, normal purchase price Total Checkouts Full call number Barcode Shelving location Date last seen Date last checked out Price effective from Koha item type
        SB LIBRARY SB LIBRARY 19/11/2021 299.00 2 823 ANI-C 00133119 GENERAL STACK 26/02/2026 23/02/2026 19/11/2021 BOOK

Powered by Koha